| 000 | nam a22 a 4500 | ||
|---|---|---|---|
| 999 |
_c402725 _d402725 |
||
| 003 | BLK | ||
| 005 | 20210331152026.0 | ||
| 008 | 210325b bu |||||r|||| 00| | bu d | ||
| 040 | _aBLK | ||
| 041 |
_aBUL _cBUL |
||
| 080 |
_aОснови на възпитанието (материални, теоретични, философски и др.). Педагогика _b37.01 _z37.01 |
||
| 100 |
_9324856 _aДобролюбов, Николай Александрович _eпърви автор |
||
| 139 | _aДобролюбов, Николай Александрович | ||
| 245 |
_aЗначението на авторитета въ въспитанието _c Николай Александрович Добролюбов ; прев. от ориг |
||
| 260 |
_aВраца _c1898 |
||
| 300 |
_a29 с. _c25 см |
||
| 380 | _a3 | ||
| 650 | 7 |
_9151367 _aВъзпитание |
|
| 653 | 7 |
_9183705 _aвъзпитание |
|
| 653 | 7 |
_9180370 _aавторитет |
|
| 852 |
_aРб 898 _bРц |
||
| 942 |
_cKNG _n0 _s1 |
||
| 944 |
_aCR _c2021-03-25 _kХристина Везирева |
||
| 999 | _d402725 | ||